000 00291nam a2200109Ia 4500
008 200302s9999 xx 000 0 und d
100 _aRobin Langley & Other
245 _aAmerican Architecture An Illustrated History
260 _bCrescent Books Published
260 _c1996
300 _a144 P.,
999 _c2125
_d2125